LEADER 01188nam a2200241 i 4500 001 000000159854 003 CaOOAMICUS 005 20070306000000.0 008 070306s2004 it u000 u ita u 013 $a137217 040 $aSeMil$bita 100 1 $aVigo, Graziella.$0(OLS)http://semarc/name/92499 245 10$aIn scena :$bVerdi, Muti, La Scala /$cGraziella Vigo. 260 $a[Milano] :$bElecta,$c2004. 300 $a277 p. :$b[1] ritratto :$briccamente ill. ;$c33 cm. 500 $aDono del Card. Dionigi Tettamanzi Dono del Card. Dionigi Tettamanzi. 650 4$aMilano - Museo Teatrale alla Scala - Cataloghi.$0(OLS)http://semarc/subject/20018 850 $aSeMil 852 $aSeMil$W1$xVenegono$y1$m3Q VI 61$j111372$B111372$CSeMilBibl$Z2$F123447 $81 941 1 $a5 961 $aOmaggio: Tettamanzi Card. Dionigi 996 $6245$aIn scena :$bVerdi, Muti, La Scala$9(OLS)http://semarc/title/406286 996 $6260$a[Milano] :$bElecta$9(OLS)http://semarc/publisher/29698 LEADER 01517nam a2200313 i 4500 001 000000365035 003 CaOOAMICUS 005 20251223143044.0 008 251107s2002 xxca u000 u eng u 020 $a0-88844-141-X 020 $a978-0-88844-141-6 040 $aSeMil$bita 041 0 $aeng$alat 100 0 $aGualterus : de Chatton,$d<1285?-1343?>.$0(OLS)http://semarc/name/123108 245 10$aLiber 1., distinctiones 1-9 /$cWalter Chatton. 264 1$aToronto, Canada :$bPontifical institute of Mediaeval studies,$c2002. 300 $aXIII, 579 p. ;$c25 cm 490 0 $aStudies and texts ;$v141 773 0 $aGualterus : de Chatton, <1285?-1343?>$tReportatio super Sententias.$dToronto, Canada : Pontifical institute of Mediaeval studies, 2002-2005.$kStudies and texts / Pontifical institute of medieval studies$g1$w()365033 830 0$aStudies and texts / Pontifical institute of medieval studies ;$v141.$0(OLS)http://semarc/title/104084 850 $aSeMil 852 $aSeMil$W1$xVenegono$y1$m2NA U 141$j264352$B255875$CSeMilBibl$Z2$F255875 $81 900 0 $aGualtiero : di Châtillon. 996 $6020$a0-88844-141-X$9(OLS)http://semarc/number/304535 996 $6020$a978-0-88844-141-6$9(OLS)http://semarc/number/304536 996 $6245$aLiber 1., distinctiones 1-9$9(OLS)http://semarc/title/456569 996 $6264$aToronto, Canada :$bPontifical institute of Mediaeval studies$9(OLS)http://semarc/publisher/42608